00508 2200193 4500001002100000005001500021035002000036245002500056100002500081300002600106264004500132336002100177337003000198338002300228082001200251084001800263020002200281990001100303INLIS00000000000124320220719081307 a0010-07220000241 aBintang /cTere Liye0 aTere LiyeePengarang a392 :bilus ;c20 cm. aJakarta :bGramedia Pustaka Utama,c2017 2rdacontentateks 2rdamediaatanpa perantara 2rdacarrieravolume a899.221 a899.221 TER b a978-602-03-5117-9 a22.665